<?xml version="1.0" encoding="UTF-8"?>
<collection xmlns="http://www.loc.gov/MARC21/slim">
 <record>
  <leader>00595nam a22001935a 4500</leader>
  <controlfield tag="001">EHU.bham052000</controlfield>
  <controlfield tag="008">240325s1988####sp############000#0#spa#d</controlfield>
  <controlfield tag="005">20240325103552.0</controlfield>
  <datafield tag="245" ind1="1" ind2="0">
   <subfield code="a">La llave maestra /</subfield>
   <subfield code="c">Masako Togawa ; trad. por Susana Constante.</subfield>
  </datafield>
  <datafield tag="260" ind1=" " ind2=" ">
   <subfield code="a">Barcelona :</subfield>
   <subfield code="b">Cosecha roja,</subfield>
   <subfield code="c">1988.</subfield>
  </datafield>
  <datafield tag="300" ind1=" " ind2=" ">
   <subfield code="a">184 p.</subfield>
  </datafield>
  <datafield tag="020" ind1=" " ind2=" ">
   <subfield code="a">8440600089</subfield>
  </datafield>
  <datafield tag="100" ind1="1" ind2=" ">
   <subfield code="a">Togawa, Masako.</subfield>
  </datafield>
  <datafield tag="700" ind1="1" ind2=" ">
   <subfield code="a">Constante, Susana, trad.</subfield>
  </datafield>
  <datafield tag="082" ind1="8" ind2="9">
   <subfield code="a">895.63 T645</subfield>
  </datafield>
  <datafield tag="653" ind1=" " ind2=" ">
   <subfield code="a">Literatura japonesa</subfield>
  </datafield>
  <datafield tag="653" ind1=" " ind2=" ">
   <subfield code="a">Novela japonesa</subfield>
  </datafield>
  <datafield tag="653" ind1=" " ind2=" ">
   <subfield code="a">Colección Villar</subfield>
  </datafield>
  <datafield tag="859" ind1=" " ind2=" ">
   <subfield code="a">AR-BHAM</subfield>
   <subfield code="b">BIB. HUMANIDADES - General</subfield>
   <subfield code="h">895.63</subfield>
   <subfield code="i">T645</subfield>
   <subfield code="p">130.24</subfield>
   <subfield code="t">1</subfield>
  </datafield>
 </record>
</collection>
